Подробности
| 000 -МАРКЕР |
| контрольное поле |
02345nam0a2200397 4500 |
| 001 - ИДЕНТИФИКАТОР ЗАПИСИ |
| контрольное поле |
RU\NLR\bibl\1490222 |
| 005 - ИДЕНТИФИКАТОР ВЕРСИИ |
| контрольное поле |
20260407094341.0 |
| 010 ## - МЕЖДУНАРОДНЫЙ СТАНДАРТНЫЙ НОМЕР КНИГИ (ISBN) |
| Номер (ISBN) |
978-5-93834-510-2 |
| Тираж |
100 |
| 021 ## - НОМЕР ГОСУДАРСТВЕННОЙ РЕГИСТРАЦИИ |
| Код страны |
российская федерация |
| Номер |
2010-7544 |
| Номер Листа государственной регистраци |
497 |
| 035 ## - ДРУГИЕ СИСТЕМНЫЕ НОМЕРА |
| Идентификатор записи |
(nilc)RSL-KNO-004578715 |
| 035 ## - ДРУГИЕ СИСТЕМНЫЕ НОМЕРА |
| Идентификатор записи |
(NLR Aleph) 001481799 |
| 100 ## - ДАННЫЕ ОБЩЕЙ ОБРАБОТКИ |
| Данные общей обработки |
20100205d2009 |||y0rusy50 ca |
| 101 0# - ЯЗЫК РЕСУРСА |
| Язык текста, звукозаписи и т.д. |
русский |
| 102 ## - СТРАНА ПУБЛИКАЦИИ ИЛИ ПРОИЗВОДСТВА |
| Страна публикации |
российская федерация |
| 105 ## - ПОЛЕ КОДИРОВАННЫХ ДАННЫХ: ТЕКСТОВЫЕ МАТЕРИАЛЫ, МОНОГРАФИЧЕСКИЕ |
| Кодированные данные о монографическом текстовом документе |
a zzzz||||| |
| 200 1# - ЗАГЛАВИЕ И СВЕДЕНИЯ ОБ ОТВЕТСТВЕННОСТИ |
| Основное заглавие |
Информационные системы поддержки дистанционного обучения в сети Интернет |
| Сведения, относящиеся к заглавию |
монография |
| Первые сведения об ответственности |
[А.В. Дьяченко, В.Г. Манжула, А.Э. Попов и др.] |
| Последующие сведения об ответственности |
отв. ред. А. Э. Попов |
| -- |
Федеральное агентство по образованию, Гос. образовательное учреждение высш. проф. образования "Южно-Российский гос. ун-т экономики и сервиса" (ГОУ ВПО "ЮРГУЭС") |
| 210 ## - ПУБЛИКАЦИЯ, РАСПРОСТРАНЕНИЕ И ДР. |
| Место издания, распространения и т.д. |
Шахты, Ростовская обл. |
| Имя издателя, распространителя и т. д. |
ЮРГУС |
| Дата издания, распространения и т.д. |
2009 |
| 215 ## - ФИЗИЧЕСКАЯ ХАРАКТЕРИСТИКА |
| Специфическое обозначение материала и объем |
121, [1] с. |
| Другие сведения о физической характеристике |
ил. |
| Размеры |
20 |
| 300 ## - ОБЩИЕ ПРИМЕЧАНИЯ |
| Текст примечания |
Авт. указаны на обороте тит.л. |
| 320 ## - ПРИМЕЧАНИЯ О НАЛИЧИИ В ДОКУМЕНТЕ БИБЛИОГРАФИИ / УКАЗАТЕЛЯ |
| Текст примечания |
Библиогр. в конце кн. |
| 606 1# - НАИМЕНОВАНИЕ ТЕМЫ КАК ПРЕДМЕТ |
| Наименование темы |
Высшее образование дистанционное |
| Географический подзаголовок |
Российская Федерация |
| Системный номер авторитетной/нормативной записи |
2537936 |
| Идентификатор авторитетной/нормативной записи |
RU\NLR\auth\661502754 |
| 686 ## - ИНДЕКСЫ ДРУГИХ КЛАССИФИКАЦИЙ |
| Индекс |
Ч481,6(2)23,0 |
| Код системы |
|
| 686 ## - ИНДЕКСЫ ДРУГИХ КЛАССИФИКАЦИЙ |
| Индекс |
Ч481.231 |
| 686 ## - ИНДЕКСЫ ДРУГИХ КЛАССИФИКАЦИЙ |
| Индекс |
Ч484(2Р) |
| 701 #1 - ИМЯ ЛИЦА - АЛЬТЕРНАТИВНАЯ ОТВЕТСТВЕННОСТЬ |
| Начальный элемент ввода |
Дьяченко |
| Часть имени, кроме начального элемента ввода |
А. В. |
| Расширение инициалов личного имени |
Алексей Владимирович |
| Код отношения |
Автор |
| 701 #1 - ИМЯ ЛИЦА - АЛЬТЕРНАТИВНАЯ ОТВЕТСТВЕННОСТЬ |
| Начальный элемент ввода |
Манжула |
| Часть имени, кроме начального элемента ввода |
В. Г. |
| Расширение инициалов личного имени |
Владимир Гаврилович |
| Код отношения |
Автор |
| 701 #1 - ИМЯ ЛИЦА - АЛЬТЕРНАТИВНАЯ ОТВЕТСТВЕННОСТЬ |
| Код отношения |
Автор |
| Материалы, к которым относится поле |
rus |
| Графика поля |
Кириллица |
| Начальный элемент ввода |
Попов |
| Часть имени, кроме начального элемента ввода |
А.Э. |
| Дополнения к именам, кроме дат |
канд. техн. наук, радиотехника |
| Расширение инициалов личного имени |
Алексей Эдуардович |
| Идентификатор авторитетной/нормативной записи |
RU\NLR\auth\7727354 |
| Системный номер авторитетной/нормативной записи |
10388 |
| 702 #1 - ИМЯ ЛИЦА - ВТОРИЧНАЯ ОТВЕТСТВЕННОСТЬ |
| Код отношения |
Редактор |
| Материалы, к которым относится поле |
rus |
| Графика поля |
Кириллица |
| Начальный элемент ввода |
Попов |
| Часть имени, кроме начального элемента ввода |
А.Э. |
| Дополнения к именам, кроме дат |
канд. техн. наук, радиотехника |
| Расширение инициалов личного имени |
Алексей Эдуардович |
| Идентификатор авторитетной/нормативной записи |
RU\NLR\auth\7727354 |
| Системный номер авторитетной/нормативной записи |
10388 |
| 712 02 - НАИМЕНОВАНИЕ ОРГАНИЗАЦИИ - ВТОРИЧНАЯ ОТВЕТСТВЕННОСТЬ |
| Код отношения |
Прочие |
| Начальный элемент ввода |
Южно-Российский государственный университет экономики и сервиса |
| Идентифицирующий признак |
Шахты |
| Идентификатор авторитетной/нормативной записи |
RU\NLR\AUTH\889918691 |
| Системный номер авторитетной/нормативной записи |
333515 |
| 801 #0 - ИСТОЧНИК ЗАПИСИ |
| Страна |
российская федерация |
| Организация |
RuMoRGB |
| Дата составления |
20100205 |
| Правила каталогизации |
rcr |
| 801 #1 - ИСТОЧНИК ЗАПИСИ |
| Страна |
российская федерация |
| Организация |
RuMoRGB |
| Дата составления |
20100205 |
| 801 #2 - ИСТОЧНИК ЗАПИСИ |
| Страна |
российская федерация |
| Организация |
NLR |
| Дата составления |
20100325 |
| Правила каталогизации |
rcr |
| 942 ## - ДОПОЛНИТЕЛЬНЫЕ ЭЛЕМЕНТЫ ЗАПИСИ (АБИС) |
| Тип экземпляра АБИС |
Книга |
| 980 ## - КОЛЛЕКЦИЯ |
| Название коллекции |
Национальная библиография |